<?xml version="1.0" encoding="UTF-8"?>
<record
    xmlns:xsi="http://www.w3.org/2001/XMLSchema-instance"
    xsi:schemaLocation="http://www.loc.gov/MARC21/slim http://www.loc.gov/standards/marcxml/schema/MARC21slim.xsd"
    xmlns="http://www.loc.gov/MARC21/slim">

  <leader>02401nam a2200373 a 4500</leader>
  <controlfield tag="001">ebr5004430</controlfield>
  <controlfield tag="003">CaPaEBR</controlfield>
  <controlfield tag="006">m        u        </controlfield>
  <controlfield tag="007">cr cn|||||||||</controlfield>
  <controlfield tag="008">960717s1997    ctu     sb    011 0 eng  </controlfield>
  <datafield tag="010" ind1=" " ind2=" ">
    <subfield code="z">   96027389 </subfield>
  </datafield>
  <datafield tag="020" ind1=" " ind2=" ">
    <subfield code="z">031329304X (alk. paper)</subfield>
  </datafield>
  <datafield tag="040" ind1=" " ind2=" ">
    <subfield code="a">CaPaEBR</subfield>
    <subfield code="c">CaPaEBR</subfield>
  </datafield>
  <datafield tag="035" ind1=" " ind2=" ">
    <subfield code="a">(OCoLC)50025566</subfield>
  </datafield>
  <datafield tag="050" ind1="1" ind2="4">
    <subfield code="a">F209.5</subfield>
    <subfield code="b">.M98 1997eb</subfield>
  </datafield>
  <datafield tag="082" ind1="0" ind2="4">
    <subfield code="a">975</subfield>
    <subfield code="2">20</subfield>
  </datafield>
  <datafield tag="245" ind1="0" ind2="2">
    <subfield code="a">A mythic land apart</subfield>
    <subfield code="h">[electronic resource] :</subfield>
    <subfield code="b">reassessing Southerners and their history /</subfield>
    <subfield code="c">edited by John David Smith and Thomas H. Appleton, Jr.</subfield>
  </datafield>
  <datafield tag="260" ind1=" " ind2=" ">
    <subfield code="a">Westport, Conn :</subfield>
    <subfield code="b">Greenwood Press,</subfield>
    <subfield code="c">1997.</subfield>
  </datafield>
  <datafield tag="300" ind1=" " ind2=" ">
    <subfield code="a">viii, 206 p.</subfield>
  </datafield>
  <datafield tag="490" ind1="1" ind2=" ">
    <subfield code="a">Contributions in American history,</subfield>
    <subfield code="x">0084-9219 ;</subfield>
    <subfield code="v">no. 173</subfield>
  </datafield>
  <datafield tag="500" ind1=" " ind2=" ">
    <subfield code="a">Published in honor of Charles Pierce Roland.</subfield>
  </datafield>
  <datafield tag="504" ind1=" " ind2=" ">
    <subfield code="a">"Selected bibliography of Charles Pierce Roland": p. [191]-195.</subfield>
  </datafield>
  <datafield tag="504" ind1=" " ind2=" ">
    <subfield code="a">Includes bibliographical references and index.</subfield>
  </datafield>
  <datafield tag="505" ind1="0" ind2=" ">
    <subfield code="t">The immigrant influence in the colonial South : the case of Philip Mazzei/</subfield>
    <subfield code="r">Jason H. Silverman--</subfield>
    <subfield code="t">"Moral suasion has had its day" : from temperance to prohibition in antebellum Kentucky/</subfield>
    <subfield code="r">Thomas H. Appleton, Jr.--</subfield>
    <subfield code="t">Medical education in the South : the case of Louisville, 1837-1910/</subfield>
    <subfield code="r">Dwayne Cox--</subfield>
    <subfield code="t">Compromiser or conspirator? : Henry Clay and the Graves-Cilley duel/</subfield>
    <subfield code="r">Melba Porter Hay--</subfield>
    <subfield code="t">The slave insurrection panic of 1860 and southern secession/</subfield>
    <subfield code="r">Donald E. Reynolds--</subfield>
    <subfield code="t">Lessons in generalship : Robert E. Lee's military legacy for the twenty-first century/</subfield>
    <subfield code="r">Carol Reardon--</subfield>
    <subfield code="t">"No negro is upon the program" : blacks and the Montgomery Race Conference of 1900/</subfield>
    <subfield code="r">John David Smith--</subfield>
    <subfield code="t">The gavel and the sword : experiences shaping the life of John Sherman Cooper/</subfield>
    <subfield code="r">Richard C. Smoot--</subfield>
    <subfield code="t">Hollywood and the mythic land apart, 1988-1991/</subfield>
    <subfield code="r">Roger A. Fisher.</subfield>
  </datafield>
  <datafield tag="533" ind1=" " ind2=" ">
    <subfield code="a">Electronic reproduction.</subfield>
    <subfield code="b">Palo Alto, Calif. :</subfield>
    <subfield code="c">ebrary,</subfield>
    <subfield code="d">2013.</subfield>
    <subfield code="n">Available via World Wide Web.</subfield>
    <subfield code="n">Access may be limited to ebrary affiliated libraries.</subfield>
  </datafield>
  <datafield tag="651" ind1=" " ind2="0">
    <subfield code="a">Southern States</subfield>
    <subfield code="x">History.</subfield>
  </datafield>
  <datafield tag="655" ind1=" " ind2="7">
    <subfield code="a">Electronic books.</subfield>
    <subfield code="2">local</subfield>
  </datafield>
  <datafield tag="700" ind1="1" ind2=" ">
    <subfield code="a">Smith, John David,</subfield>
    <subfield code="d">1949-</subfield>
  </datafield>
  <datafield tag="700" ind1="1" ind2=" ">
    <subfield code="a">Appleton, Thomas H.,</subfield>
    <subfield code="d">1950-</subfield>
  </datafield>
  <datafield tag="700" ind1="1" ind2=" ">
    <subfield code="a">Roland, Charles Pierce,</subfield>
    <subfield code="d">1918-</subfield>
  </datafield>
  <datafield tag="710" ind1="2" ind2=" ">
    <subfield code="a">ebrary, Inc.</subfield>
  </datafield>
  <datafield tag="830" ind1=" " ind2="0">
    <subfield code="a">Contributions in American history ;</subfield>
    <subfield code="v">no. 173.</subfield>
  </datafield>
  <datafield tag="856" ind1="4" ind2="0">
    <subfield code="u">http://site.ebrary.com/lib/rucke/Doc?id=5004430</subfield>
    <subfield code="z">An electronic book accessible through the World Wide Web; click to view</subfield>
  </datafield>
  <datafield tag="999" ind1=" " ind2=" ">
    <subfield code="c">15764</subfield>
    <subfield code="d">15764</subfield>
  </datafield>
</record>
